Efficiency if chitosan on quality of jujube storage. ប្រសិទ្ធភាពនៃខៃតូសានលើគុណភាពផ្លែពុទ្រានិងការស្ដុកទុក (Record no. 8995)
[ view plain ]
| 000 -LEADER | |
|---|---|
| fixed length control field | 00603nam a22001577a 4500 |
| 003 - CONTROL NUMBER IDENTIFIER | |
| control field | OSt |
| 005 - DATE AND TIME OF LATEST TRANSACTION | |
| control field | 20160823092649.0 |
| 008 - FIXED-LENGTH DATA ELEMENTS--GENERAL INFORMATION | |
| fixed length control field | 160822b xxu||||| |||| 00| 0 eng d |
| 040 ## - CATALOGING SOURCE | |
| Transcribing agency | RUA |
| 082 ## - DEWEY DECIMAL CLASSIFICATION NUMBER | |
| Classification number | AGI SAN 2015 B512 Or.1 |
| 100 ## - MAIN ENTRY--PERSONAL NAME | |
| 9 (RLIN) | 9342 |
| Personal name | SANN BUNPHENG; សាន់ ប៊ុនផេង |
| 245 ## - TITLE STATEMENT | |
| Title | Efficiency if chitosan on quality of jujube storage. ប្រសិទ្ធភាពនៃខៃតូសានលើគុណភាពផ្លែពុទ្រានិងការស្ដុកទុក |
| 260 ## - PUBLICATION, DISTRIBUTION, ETC. (IMPRINT) | |
| Place of publication, distribution, etc. | RUA |
| Name of publisher, distributor, etc. | SAN |
| Date of publication, distribution, etc. | 2015 |
| 300 ## - PHYSICAL DESCRIPTION | |
| Extent | viii,31p. |
| Other physical details | ill. |
| Dimensions | 29cm. |
| 942 ## - ADDED ENTRY ELEMENTS (KOHA) | |
| Source of classification or shelving scheme | |
| Koha item type | AGI |
| Price effective from | Date last seen | Permanent Location | Not for loan | Date acquired | Source of classification or shelving scheme | Koha item type | Lost status | Withdrawn status | Date last checked out | Total Checkouts | Shelving location | Damaged status | Barcode | Current Location | Full call number |
|---|---|---|---|---|---|---|---|---|---|---|---|---|---|---|---|
| 2016-08-22 | 2016-08-22 | Library Block B | 2016-08-22 | AGI | B512 | RUA060693 | Library Block B | AGI SAN 2015 B512 Or.1 | |||||||
| 2016-08-22 | 2016-08-22 | Library Block B | 2016-08-22 | AGI | B512 | RUA060515 | Library Block B | AGI SAN 2015 B512 Or.2 | |||||||
| 2016-08-22 | 2016-08-22 | Library Block B | 2016-08-22 | AGI | B512 | RUA060813 | Library Block B | AGI SAN 2015 B512 Or.3 | |||||||
| 2016-08-22 | 2019-11-26 | Library Block B | 2016-08-22 | AGI | 2019-11-15 | 1 | B512 | RUA061061 | Library Block B | AGI SAN 2015 B512 Or.4 | |||||
| 2016-08-22 | 2016-08-22 | Library Block B | 2016-08-22 | AGI | B512 | RUA060753 | Library Block B | AGI SAN 2015 B512 Or.5 | |||||||
| 2016-08-22 | 2016-08-22 | Library Block B | 2016-08-22 | AGI | B512 | RUA061186 | Library Block B | AGI SAN 2015 B512 Or.6 | |||||||
| 2016-08-22 | 2016-08-22 | Library Block B | 2016-08-22 | AGI | B512 | RUA060487 | Library Block B | AGI SAN 2015 B512 Or.7 | |||||||
| 2016-08-22 | 2017-09-02 | Library Block B | 2016-08-22 | AGI | 2017-09-02 | 2 | B512 | RUA061126 | Library Block B | AGI SAN 2015 B512 Or.8 |